Soccer Clubs With the Most Fans - Statistics

General Stats
  • This quiz has been taken 60 times
  • The average score is 12 of 15
Answer Stats
Hint Answer % Correct
473,700,000 Real Madrid
96%
427,400,000 Barcelona
95%
174,900,000 Juventus
91%
233,600,000 Manchester United
91%
149,100,000 Bayern Munich
89%
179,500,000 Manchester City
89%
70,200,000 AC Milan
88%
152,900,000 Chelsea
86%
114,100,000 Arsenal
84%
199,400,000 PSG
84%
80,200,000 Inter Milan
82%
166,700,000 Liverpool
82%
80,200,000 Atletico Madrid
68%
108,200,000 Tottenham Hotspur
63%
66,400,000 Flamengo
23%
No matching quizzes found
Score Distribution
Percent of People with Each Score
Percentile by Number Answered
Your Score History
You have not taken this quiz